000 01211cam a2200301 a 4500
999 _c342279
_d342279
001 17279292
003 NUST
005 20180117090032.0
008 120430s2012 njua b 001 0 eng
010 _a 2012016049
020 _a9780691155890 (hardback : alk. paper)
040 _aDLC
_cDLC
_dDLC
042 _apcc
043 _ad------
050 0 0 _aHC59.7
_b.L41863 2012
082 0 0 _a338.9009172/4
_223
100 1 _aLin, Justin Yifu,
_d1952-
_97331
245 1 4 _aThe quest for prosperity :
_bhow developing economies can take off /
_cJustin Yifu Lin.
260 _aPrinceton :
_bPrinceton University Press,
_cc2012.
300 _axvii, 322 p. :
_bill. ;
_c24 cm.
504 _aIncludes bibliographical references (p. 287-308) and index.
651 0 _aDeveloping countries
_xEconomic conditions.
_96809
651 0 _aDeveloping countries
_xEconomic policy.
_97332
906 _a7
_bcbc
_corignew
_d1
_eecip
_f20
_gy-gencatlg
942 _2ddc
_cBK